Geography Quiz

Random Geography or World Quiz

Country by Its Non-Sovereign Nation Quiz Stats

 Plays Quiz Updated Oct 17, 2018

Challenge
Share
Tweet
Embed
Score 0/35 Timer 05:00
1 Play Today
% Correct
United Kingdom
93.4%
Canada
92.4%
United States of America
90.5%
China
88.7%
Denmark
88.1%
Spain
83.2%
Russia
80.5%
Tanzania
73.7%
Sudan
69.6%
Turkey (Also Iran, Iraq and Syria)
69.6%
Belgium
67.1%
India
66%
Chile
65.1%
Portugal
63.6%
Japan
62.1%
Ukraine
58.7%
Sri Lanka
55.5%
Mexico
53.9%
% Correct
Netherlands
51.9%
France
45.7%
Pakistan
42%
Moldova
41.6%
Australia
41.4%
Finland
39.8%
Philippines
39.6%
Georgia
39.4%
Bolivia
38.2%
Indonesia
38.1%
Azerbaijan
36.7%
New Zealand
33.6%
Malaysia
29%
Libya
28.4%
Norway
24%
Somalia
23.9%
Mali
20.4%

You're not logged in!

Compare scores with friends on all Sporcle quizzes.
OR
Log In

You Might Also Like...

Show Comments

Extras

Top Quizzes Today


Score Distribution

Your Account Isn't Verified!

In order to create a playlist on Sporcle, you need to verify the email address you used during registration. Go to your Sporcle Settings to finish the process.

Report this User

Report this user for behavior that violates our Community Guidelines.

Details: